Statistics for Football Clubs by League

Click here to take the quiz!

General Stats

  • This quiz has been taken 40 times
  • The average score is 56 of 132

Answer Stats

HintAnswer% Correct
Premier League (England)Arsenal
100%
Premier League (England)Manchester City
100%
Premier LeagueManchester United
100%
Premier League (England)Chelsea
97%
Premier League (England)Liverpool
97%
La LigaReal Madrid
91%
La Liga (Spain)Barcelona
88%
Ligue 1 (France)Paris Saint Germain
88%
La Liga (Spain)Atletico Madrid
85%
Serie A (Italy)AC Milan
82%
Premier League (England)Aston Villa
82%
BundesligaBayern Munich
82%
Bundesliga (Germany)Borussia Dortmund
82%
La Liga (Spain)Valencia
82%
Premier League (England)West Ham United
82%
Premier League (England)Everton
79%
Serie AInter Milan
79%
Premier League (England)Tottenham
79%
ErediviseAjax
76%
Serie A (Italy)Juventus
76%
Premier League (England)Newcastle United
76%
Serie A (Italy)Roma
76%
Serie A (Italy)Lazio
74%
Eredivise (Netherlands)PSV Eindhoven
74%
Premier League (England)Leicester City
71%
La Liga (Spain)Sevilla
71%
La Liga (Spain)
Athletic Bilbao
68%
Serie A (Italy)Napoli
68%
Eredivise (Netherlands)Feyenoord
62%
La Liga (Spain)Real Sociedad
62%
Bundesliga (Germany)Borussia Monchengladbach
59%
Ligue 1 (France)Monaco
59%
Bundesliga (Germany)Eintracht Frankfurt
56%
Serie A (Italy)Fiorentina
56%
Super LigGalatasaray
56%
La Liga (Spain)Real Betis
56%
Bundesliga (Germany)Wolfsburg
56%
Primeira LigaBenfica
53%
Ligue 1 (France)Lille
53%
Primeira Liga (Portugal)Porto
53%
Bundesliga (Germany)Schalke 04
53%
Super Lig (Turkey)Besiktas
50%
Ligue 1 (France)Bordeaux
50%
Russian PremierSpartak Moscow
50%
Primeira Liga (Portugal)Sporting
50%
La Liga (Spain)Villarreal
50%
Bundesliga (Germany)Werder Bremen
50%
Serie A (Italy)Atalanta
47%
Swiss Super League (Switzerland)Basel
47%
Primeira Liga (Portugal)Braga
47%
Premier League (Russia)CSKA Moscow
47%
Brasileiro Serie A (Brasil)Flamengo
47%
Ligue 1 (France)Saint Etienne
47%
Jupiter Pro LeagueAnderlecht
44%
Ligue 1 (France)Nantes
44%
Serie A (Italy)Sampdoria
44%
Brasileiro Serie A (Brasil)Santos
44%
Bundesliga (Germany)Stuttgart
44%
Premier League (Russia)Zenit Saint Petersburg
44%
La Liga (Spain)Deportivo La Coruna
41%
Super Lig (Turkey)Fenerbahce
41%
MLS (United States)New York City
41%
Serie A (Italy)Torino
41%
Swiss Super League (Switzerland)Young Boys
41%
Primera DivisionBoca Juniors
38%
Serie A (Italy)Bologna
38%
Ligue 1 (France)Olympique Lyon
38%
Primera Division (Argentina)River Plate
38%
Brasileiro Serie A (Brasil)Sao Paulo
38%
Serie A (Italy)Udinese
38%
Eredivise (Netherlands)AZ
35%
Bundesliga (Germany)Bayer Leverkusen
35%
Division A (Belgium)Club Brugge
35%
La Liga (Spain)Espanyol
35%
MLSLA Galaxy
35%
Austrian BundesligaRapid Wien
35%
Eredivise (Netherlands)Twente
35%
Swiss Super League (Switzerland)Zurich
35%
Brasileiro Serie A (Brasil)Corinthians
32%
Division A (Belgium)Genk
32%
Division A (Belgium)Gent
32%
Liga MX (Mexico)Monterrey
32%
Ligue 1 (France)Nice
32%
Ligue 1 (France)Rennes
32%
Bundesliga (Austria)Austria Wien
29%
Premier League (Russia)Lokomotiv Moscow
29%
Liga MX (Mexico)Guadalajara
26%
Bundesliga (Germany)Hamburger
26%
Premier League (England)Sunderland
26%
Liga MXAmerica
24%
Brasileiro Serie A (Brasil)Fluminense
24%
Brasileiro Serie APalmeiras
24%
Bundesliga (Austria)Red Bull Salzburg
24%
Super Lig (Turkey)Trabzonspor
24%
Eredivise (Netherlands)Utrecht
24%
Brasileiro Serie A (Brasil)Vasco da Gama
24%
Division A (Belgium)Antwerp
21%
Brasileiro Serie A (Brasil)Atletico Mineiro
21%
Brasileiro Serie A (Brasil)Cruzeiro
21%
Swiss SuperLeagueGrasshopper
21%
Primera Division (Argentina)Independiente
21%
Brasileiro Serie A (Brasil)Internacional
21%
Bundesliga (Germany)Kaiserslautern
21%
Super Lig (Turkey)Basaksehir
18%
Premier League (Russia)Dynamo Moscow
18%
Eredivise (Netherlands)Groningen
18%
Eredivise (Netherlands)Heerenveen
18%
Premier League (Russia)Rubin Kazan
18%
MLS (United States)Seattle Sounders
18%
Eredivise (Netherlands)Sparta Rotterdam
18%
Eredivise (Netherlands)Vitesse
18%
MLS (United States)DC United
15%
Primera Division (Argentina)Racing Club
15%
Division A (Belgium)Standard Liege
15%
Bundesliga (Austria)Sturm Graz
15%
Primeira Liga (Portugal)Boavista
12%
MLS (United States)Los Angeles FC
12%
Swiss Super League (Switzerland)Servette
12%
MLS (United States)Atlanta United
9%
Liga MX (Mexico)Cruz Azul
9%
Ligue 1Olympique de Marseille
9%
MLS (United States)Portland Timbers
9%
Primera Division (Argentina)San Lorenzo
9%
MLS (United States)Toronto FC
9%
Liga MX (Mexico)Atlas
6%
MLS (United States)Columbus Crew
6%
Bundesliga (Austria)LASK
6%
La Liga (Spain)Real Zaragoza
6%
MLS (United States)FC Dallas
3%
Liga MX (Mexico)Tigres UANL
3%
Bundesliga (Germany)Hertha Berlino
0%
Primeira Liga (Portugal)Vitoria de Setubal
0%

Score Distribution

Percentile by Number Answered

Percent of People with Each Score

Your Score History

You have not taken this quiz